000 00482nam a22001697a 4500
003 BD-DhUL
005 20190714155918.0
008 190714s1967 pk ||||| |||| 00| 0 urd d
040 _aBD-DhUL
_cBD-DhUL
082 _a891.431
_bMAH
100 0 _aمسرور کیفی
245 1 0 _aحسرت کی غزل /
_cمسرور کیفی
_b
260 _aلاہور :
_bدار الکتاب،
_c۔۱۹۶۷
300 _aص۔ ۱۹۸ ؛
_c۱۸ سم۔
650 4 _aUrdu poetry
942 _2ddc
_cBK
999 _c248753
_d248753